| 000 | 00555nai a2200169Ia 4500 | ||
|---|---|---|---|
| 003 | IN-BaIIA | ||
| 008 | 211028c9999 xx s 000 0 eng d | ||
| 022 | _a0929-8266 (Online) | ||
| 040 | _cIIA Library | ||
| 245 | 0 |
_aEuropean Journal of Ultrasound _h[eJournal] |
|
| 260 |
_aNew York _bElsevier |
||
| 310 | _aIrregular | ||
| 362 | _a2(1); 1995 - 16(3); 2003 | ||
| 521 | _bSubscribed through National Knowledge Resource Consortium (NKRC) | ||
| 856 |
_uhttps://www.sciencedirect.com/science/journal/09298266 _yClick Here to Access eJournal |
||
| 942 | _cEJ | ||
| 999 |
_c34359 _d34359 |
||